| 000 | 00603nam a2200229Ia 4500 | ||
|---|---|---|---|
| 003 | OSt | ||
| 005 | 20230612163022.0 | ||
| 008 | 210423s2013 xx 000 0 und d | ||
| 020 | _a978-0-19-4389228 | ||
| 040 | _cAL | ||
| 041 | _aeng | ||
| 082 |
_a418.02 _223 _bHOUT |
||
| 100 |
_aHOUSE (Juliane) _981014 |
||
| 245 |
_aTranslation _cWIDDOWSON (H G) |
||
| 260 |
_aNew York _bOxford University Press _c2013 |
||
| 300 |
_axii,122 _bPB |
||
| 365 |
_b380 _cINR |
||
| 440 |
_aOxford introductions to language study _981015 |
||
| 650 |
_aLinguistics _981016 |
||
| 906 | _aTranslation | ||
| 942 |
_2ddc _cBK |
||
| 999 |
_c168963 _d168963 |
||